Norwich Cityn joukkue 2019–20 Premier League kausi - Statistics

Yleistilastot
  • Tätä visaa on pelattu 8 kertaa
  • Keskiarvotulos 6 / 31
Vastaustilastot
Vastaus % Oikein
Teemu Pukki
100%
Tim Krul
88%
Emi Buendía
75%
Todd Cantwell
50%
Christoph Zimmermann
38%
Daniel Farke
38%
Grant Hanley
38%
Onel Hernández
38%
Kenny McLean
25%
Max Aarons
25%
Sam Byram
25%
Adam Idah
13%
Alexander Tettey
13%
Ben Godfrey
13%
Dennis Srbeny
13%
Jamal Lewis
13%
Mario Vrančić
13%
Timm Klose
13%
Akin Famewo
0%
Ibrahim Amadou
0%
Jordan Thomas
0%
Josh Martin
0%
Josip Drmić
0%
Lukas Rupp
0%
Marco Stiepermann
0%
Michael McGovern
0%
Moritz Leitner
0%
Ondrej Duda
0%
Patrick Roberts
0%
Ralf Fährmann
0%
Tom Trybull
0%
Ehtoja vastaavia visoja ei löytynyt
Tulosjakauma
Jokaisen tuloksen saaneiden osuus
Persentiili vastausten määrän mukaan
Tuloshistoriasi
Et ole pelannut tätä visaa